Positivismo metodológico y racionalidad política: una interpretación de la teoría jurídica de Carlos S. Nino

Salvato in:
Dettagli Bibliografici
Autore principale: Blanco Miguélez, Blanca (Autore)
Natura: Libro
Lingua:spagnolo
Pubblicazione: Granada Comares 2002
Serie:Colección Filosofía, Derecho y Sociedad, 3
Soggetti:
Tags: Aggiungi Tag
Nessun Tag, puoi essere il primo ad aggiungerne!!

MARC

LEADER 00000nam a2200000 a 4500
001 UCL3725
003 CL-VaPUC
008 031205e20020000SP |||||||||||||||||spa|d
020 |a 8484446042 
082 0 4 |a 340.11  |b BLA  |2 21 
100 0 |a Blanco Miguélez, Blanca  |e author  |9 481125 
245 1 0 |a Positivismo metodológico y racionalidad política: una interpretación de la teoría jurídica de Carlos S. Nino 
300 |a 340 p 
942 |c BK 
945 |d 20031205 00:00:00  |a cmena 
260 |a Granada  |b Comares  |c 2002 
650 0 |a Teoría jurídica  |9 345880 
650 0 |a Filosofía del derecho   |9 255050 
650 0 |a Racionalismo  |9 259116 
650 0 |a Positivismo jurídico  |9 255992 
583 |a last modification  |c 20031205 00:00:00  |k Rodrigo Vera 
490 0 |a Colección Filosofía, Derecho y Sociedad, 3 
999 |c 306734  |d 306732 
952 |0 0  |1 0  |4 0  |6 340_110000000000000_BLA_2002  |7 0  |8 DER_TF  |9 371995  |a BIBDER  |b BIBDER  |d 2019-11-21  |i 3912973  |l 1  |o 340.11 BLA 2002  |p 3912973  |r 2023-01-25  |s 2020-03-17  |w 2019-11-21  |x Ubicación 4to Piso  |y BK  |z Estos recursos deben solicitarse con anticipación  |k DER